000 00612nam a2200265Ia 4500
005 20260121172133.0
008 008 260114s9999 xx 000 0 eng d
020 _a9781137600110
037 _aEBOOK
040 _aCRL
040 _beng
040 _cCRL
041 _2eng
041 _aeng
084 _qCRL
100 _aLavar Pope
_91084718
245 0 _aRap and Politics
260 _bSpringer
260 _bSpringer
260 _c2020
856 _uhttps://link.springer.com/openurl?genre=book&isbn=978-1-137-60011-0
942 _cEBOOK
999 _c1650453
_d1650453